[Event "Steinfurt Bezirksklasse 1718"]
[Site "Germany"]
[Date "2018.02.10"]
[Round "5.1"]
[White "Santos Brito, Daniel"]
[Black "Herick, Maria"]
[Result "1-0"]
[WhiteElo "1932"]
[BlackElo "1317"]
[PlyCount "44"]
[EventDate "2017.10.07"]
[EventType "team-tourn"]
[EventRounds "7"]
[EventCountry "GER"]
[SourceTitle "EXT 2019"]
[Source "ChessBase"]
[SourceDate "2018.10.10"]
[SourceVersion "1"]
[SourceVersionDate "2018.10.10"]
[SourceQuality "1"]
[WhiteTeam "Neuenkirchen II"]
[BlackTeam "Steinfurt IV"]
[WhiteTeamCountry "GER"]
[BlackTeamCountry "GER"]

1. e4 e5 2. f4 exf4 3. Nf3 Nc6 4. Nc3 Bc5 5. Bc4 d6 6. d4 Bb4 7. Bxf4 Nf6 8. Bg5 h6 9. Bxf6 Qxf6 10. 0-0 0-0 11. Nd5 Qg6 12. c3 Ba5 13. b4 Bb6 14. b5 Qxe4 15. bxc6 bxc6 16. Re1 Qg4 17. Ne7+ Kh8 18. Qd3 Be6 19. Bxe6 fxe6 20. Ng6+ Kg8 21. Nxf8 Rxf8 22. Kh1 Qh3 1-0

[Event "Steinfurt Bezirksliga 1516"]
[Site "Germany"]
[Date "2016.05.28"]
[Round "9.1"]
[White "Lardinois, Wouter"]
[Black "Santos Brito, Daniel"]
[Result "1/2-1/2"]
[WhiteElo "1834"]
[BlackElo "1948"]
[PlyCount "34"]
[EventDate "2015.09.19"]
[EventType "team-tourn"]
[EventRounds "9"]
[EventCountry "GER"]
[SourceTitle "EXT 2017"]
[Source "ChessBase"]
[SourceDate "2016.10.25"]
[SourceVersion "1"]
[SourceVersionDate "2016.10.25"]
[SourceQuality "1"]
[WhiteTeam "Emsdetten Rochade III"]
[BlackTeam "Neuenkirchen II"]
[WhiteTeamCountry "GER"]
[BlackTeamCountry "GER"]

1. e4 d6 2. d4 Nf6 3. Nc3 g6 4. Bg5 Bg7 5. Qd2 c6 6. 0-0-0 0-0 7. Nf3 b5 8. Qf4 b4 9. Nb1 Qa5 10. Bc4 d5 11. exd5 cxd5 12. Bb3 Ba6 13. Ne5 Rc8 14. Rhe1 Qc7 15. Rd2 Bc4 16. Qf3 Bxb3 17. Qxb3 e6 1/2-1/2

[Event "Steinfurt Bezirksliga 1516"]
[Site "Germany"]
[Date "2016.01.23"]
[Round "5.1"]
[White "Horstmann, Michael"]
[Black "Santos Brito, Daniel"]
[Result "1/2-1/2"]
[WhiteElo "1680"]
[BlackElo "1948"]
[PlyCount "55"]
[EventDate "2015.09.19"]
[EventType "team-tourn"]
[EventRounds "9"]
[EventCountry "GER"]
[SourceTitle "EXT 2017"]
[Source "ChessBase"]
[SourceDate "2016.10.25"]
[SourceVersion "1"]
[SourceVersionDate "2016.10.25"]
[SourceQuality "1"]
[WhiteTeam "Emsdetten Rochade IV"]
[BlackTeam "Neuenkirchen II"]
[WhiteTeamCountry "GER"]
[BlackTeamCountry "GER"]

1. c4 g6 2. Nc3 Bg7 3. Nf3 d6 4. g3 c5 5. Bg2 Nc6 6. 0-0 Bd7 7. d3 Qc8 8. e4 Nh6 9. Nd5 0-0 10. Rb1 Bg4 11. Bd2 f6 12. Bc3 Qd7 13. Ne3 Bh3 14. Ne1 e5 15. N1c2 Nd4 16. Bd2 Nf7 17. Nd5 Bxg2 18. Kxg2 f5 19. f3 Nxc2 20. Qxc2 Nd8 21. b4 Ne6 22. b5 Nd4 23. Qd1 b6 24. a4 h5 25. a5 Qd8 26. Ra1 bxa5 27. Rxa5 h4 28. Ra6 1/2-1/2

[Event "Steinfurt Bezirksliga 1415"]
[Site "Germany"]
[Date "2014.11.08"]
[Round "3.1"]
[White "Lardinois, Wouter"]
[Black "Santos Brito, Daniel"]
[Result "0-1"]
[WhiteElo "1770"]
[BlackElo "1926"]
[PlyCount "78"]
[EventDate "2014.09.06"]
[EventType "team-tourn"]
[EventRounds "9"]
[EventCountry "GER"]
[SourceTitle "EXT 2016"]
[Source "ChessBase"]
[SourceDate "2015.10.08"]
[SourceVersion "1"]
[SourceVersionDate "2015.10.08"]
[SourceQuality "1"]
[WhiteTeam "Emsdetten Rochade III"]
[BlackTeam "Neuenkirchen II"]
[WhiteTeamCountry "GER"]
[BlackTeamCountry "GER"]

1. e4 d6 2. d4 Nf6 3. Bd3 e5 4. c3 Be7 5. Nf3 Bg4 6. 0-0 0-0 7. Nbd2 exd4 8. cxd4 Nc6 9. Qa4 a6 10. a3 Nh5 11. d5 Ne5 12. Nxe5 dxe5 13. Qc2 Nf4 14. f3 Bh5 15. b4 c6 16. Nc4 cxd5 17. exd5 Nxd3 18. Qxd3 Bg6 19. Qd1 Bf6 20. Bb2 Re8 21. f4 exf4 22. Rxf4 Bxb2 23. Nxb2 Qg5 24. Rd4 Qe3+ 25. Kh1 Re4 26. Rd3 Qf2 27. Rd2 Qh4 28. Re2 Rae8 29. Rxe4 Bxe4 30. d6 Qf2 31. Qf1 Qxb2 32. d7 Rd8 33. Re1 Qd4 34. Qf5 Rxd7 35. h3 g6 36. Qxe4 Qxe4 37. Rxe4 Rd1+ 38. Kh2 Ra1 39. Re3 f5 0-1

[Event "Muensterland Verbandsklasse-A 1213"]
[Site "Germany"]
[Date "2013.04.20"]
[Round "8.2"]
[White "Santos Brito, Daniel"]
[Black "Klein, Bjoern"]
[Result "1/2-1/2"]
[WhiteElo "1864"]
[BlackElo "1945"]
[PlyCount "101"]
[EventDate "2012.09.15"]
[EventType "team-tourn"]
[EventRounds "9"]
[EventCountry "GER"]
[SourceTitle "EXT 2015"]
[Source "ChessBase"]
[SourceDate "2014.11.20"]
[SourceVersion "1"]
[SourceVersionDate "2014.11.20"]
[SourceQuality "1"]
[WhiteTeam "Neuenkirchen II"]
[BlackTeam "Steinfurt"]
[WhiteTeamCountry "GER"]
[BlackTeamCountry "GER"]

1. e4 c6 2. d4 d5 3. Nc3 dxe4 4. Nxe4 Nf6 5. Nxf6+ gxf6 6. c3 h5 7. Bc4 Qc7 8. Nf3 Bg4 9. h3 Bf5 10. Qe2 h4 11. Bd3 Bxd3 12. Qxd3 e6 13. Bd2 Nd7 14. 0-0-0 0-0-0 15. Qe4 Qa5 16. Kb1 Qh5 17. Rde1 Nb6 18. b3 Bd6 19. c4 Bc7 20. Bc3 Rdg8 21. Rhg1 Rh6 22. Bd2 f5 23. Qd3 Rhg6 24. Qf1 Nd7 25. Bb4 Bd8 26. Ne5 Nxe5 27. dxe5 f4 28. Qd3 Bb6 29. c5 Bc7 30. Qe4 f3 31. Bc3 Rxg2 32. Rgf1 Rh2 33. Qa4 a6 34. Re4 Rxh3 35. Rd1 Rd8 36. Red4 Qg6+ 37. Kb2 Rd5 38. Rg4 Qh7 39. Rdg1 Rd8 40. Qf4 Qf5 41. Qxf5 exf5 42. Rf4 f6 43. Rxf5 Bxe5 44. Bxe5 fxe5 45. Rxe5 Rh2 46. Rg7 Rxf2+ 47. Kc3 Rg2 48. Rf7 Rd7 49. Rxf3 Rdg7 50. Rf8+ Kc7 51. Rh8 1/2-1/2

[Event "Muensterland Verbandsklasse-A 1213"]
[Site "Germany"]
[Date "2013.03.16"]
[Round "7.3"]
[White "Santos Brito, Daniel"]
[Black "Scharlow, Siegmar"]
[Result "1-0"]
[WhiteElo "1864"]
[BlackElo "1784"]
[PlyCount "33"]
[EventDate "2012.09.15"]
[EventType "team-tourn"]
[EventRounds "9"]
[EventCountry "GER"]
[SourceTitle "EXT 2015"]
[Source "ChessBase"]
[SourceDate "2014.11.20"]
[SourceVersion "1"]
[SourceVersionDate "2014.11.20"]
[SourceQuality "1"]
[WhiteTeam "Neuenkirchen II"]
[BlackTeam "Nienberge II"]
[WhiteTeamCountry "GER"]
[BlackTeamCountry "GER"]

1. e4 c5 2. Nc3 Nc6 3. f4 d6 4. Bc4 Nf6 5. Nf3 Bg4 6. Bb5 g6 7. 0-0 Bg7 8. h3 Bd7 9. Bxc6 Bxc6 10. d3 0-0 11. Qe1 b5 12. f5 Nd7 13. Qh4 a5 14. Bh6 e6 15. Ng5 Bf6 16. fxg6 hxg6 17. Bg7 1-0

[Event "Muensterland Verbandsklasse-A 1213"]
[Site "Germany"]
[Date "2012.10.20"]
[Round "2.3"]
[White "Santos Brito, Daniel"]
[Black "Jansen, Dirk Norbert"]
[Result "0-1"]
[WhiteElo "1864"]
[BlackElo "1919"]
[PlyCount "108"]
[EventDate "2012.09.15"]
[EventType "team-tourn"]
[EventRounds "9"]
[EventCountry "GER"]
[SourceTitle "EXT 2015"]
[Source "ChessBase"]
[SourceDate "2014.11.20"]
[SourceVersion "1"]
[SourceVersionDate "2014.11.20"]
[SourceQuality "1"]
[WhiteTeam "Neuenkirchen II"]
[BlackTeam "Muenster SK IV"]
[WhiteTeamCountry "GER"]
[BlackTeamCountry "GER"]

1. e4 e6 2. Nc3 d5 3. d4 Bb4 4. e5 Ne7 5. Bd3 c5 6. Qg4 cxd4 7. Qxd4 Nbc6 8. Bb5 Bd7 9. Bxc6 Nxc6 10. Qg4 Qa5 11. Bd2 d4 12. Ne4 Bxd2+ 13. Nxd2 Qxe5+ 14. Qe4 Qxe4+ 15. Nxe4 0-0 16. Nf3 Rad8 17. 0-0 e5 18. Nc5 Bc8 19. Nd2 b6 20. Ncb3 Bf5 21. c3 dxc3 22. bxc3 Rd7 23. Rfe1 Rfd8 24. Nc4 f6 25. Ne3 Be6 26. f3 Rd3 27. Rac1 a5 28. Rc2 a4 29. Nc1 Rd2 30. Re2 Rxe2 31. Rxe2 Na5 32. Kf2 Nc4 33. g4 Nxe3 34. Kxe3 Bc4 35. Re1 Kf7 36. h4 Ke6 37. a3 Rd5 38. Rh1 Rb5 39. f4 exf4+ 40. Kd4 Rc5 41. Re1+ Kd6 42. Nd3 Bxd3 43. Kxd3 Rd5+ 44. Kc4 f3 45. Rf1 b5+ 46. Kb4 Rd3 47. Kxb5 Rxc3 48. Kxa4 Ke5 49. Kb4 Re3 50. g5 Kf4 51. gxf6 gxf6 52. a4 Kg3 53. a5 Kg2 54. Rc1 f2 0-1

[Event "Steinfurt Bezirksliga 1112"]
[Site "Germany"]
[Date "2012.05.05"]
[Round "8.2"]
[White "Santos Brito, Daniel"]
[Black "Raus, Christina"]
[Result "1-0"]
[WhiteElo "1884"]
[BlackElo "1458"]
[PlyCount "29"]
[EventDate "2011.10.01"]
[EventType "team-tourn"]
[EventRounds "9"]
[EventCountry "GER"]
[SourceTitle "EXT 2013"]
[Source "ChessBase"]
[SourceDate "2012.11.22"]
[SourceVersion "1"]
[SourceVersionDate "2012.11.22"]
[SourceQuality "1"]
[WhiteTeam "Neuenkirchen II"]
[BlackTeam "Steinfurt III"]
[WhiteTeamCountry "GER"]
[BlackTeamCountry "GER"]

1. e4 e5 2. f4 Nc6 3. Nf3 exf4 4. Bc4 Bc5 5. d4 Bb6 6. Nc3 Nge7 7. Bxf4 d6 8. Ng5 Rf8 9. Nxh7 Rh8 10. Ng5 Rf8 11. Be3 Na5 12. Bxf7+ Rxf7 13. Nxf7 Kxf7 14. Rf1+ Kg8 15. Qh5 1-0